Statistics for Crime: females

Click here to take the quiz!

General Stats

  • This quiz has been taken 18 times
  • The average score is 11 of 30

Answer Stats

HintAnswer% Correct
Juvenile % 15.England and Wales
75%
Adults % 6.England and Wales
75%
Adults % 9.Scotland
75%
Adults % 6.Germany
63%
Juvenile % 6.Germany
63%
Adults % 2.Hong Kong
56%
Juvenile % 8.Hong Kong
56%
Juvenile % 14.Italy
50%
Juvenile % 4.Austria
44%
Adults % 5.Austria
44%
Adults % 9.Finland
44%
Juvenile % 8.Finland
44%
Adults % 4.Ireland
44%
Juvenile % 8.Norway
44%
Juvenile % 12.New Zealand
38%
Adults % 9.New Zealand
38%
Adults % 1.Singapore (28%)
38%
Juvenile % 11.Netherlands
31%
Adults % 6.Belgium
25%
Adults % 15.Canada and Turkmenistan
25%
Adults % 13.Malaysia
25%
Juvenile % 3.Canada
19%
Juvenile % 13.Morocco
13%
Adults % 2.Slovenia
13%
Juvenile % 6.Zimbabwe
13%
Adults % 13.Armenia
6%
Juvenile % 4.Kazakhstan
6%
Adults % 9.Kazakhstan
6%
Juvenile % 1.Barbados (36%)
0%
Juvenile % 2.Swaziland
0%

Score Distribution

Percentile by Number Answered

Percent of People with Each Score

Your Score History

You have not taken this quiz